Nennen Sie ein Land (Europa) - Statistiken

Allgemein
  • Dieses Quiz wurde 372 mal gespielt
    280 seit der letzten Aktualisierung
  • Das Durchschnittsergebnis liegt bei 14 aus 15
Antwortstatistiken
Beschreibung Land % Korrekt
...auf -land endet. Deutschland | Estland | Finnland | Griechenland | Irland | Island | Lettland | Russland
99%
...nördlich von Dänemark und östlich von Polen liegt. Estland | Finnland | Lettland | Norwegen | Russland
99%
...an Russland und Litauen grenzt. Belarus | Lettland | Polen
98%
...die Krone als Währung hat. Dänemark | Island | Norwegen | Schweden | Tschechien
98%
...mehr als 50 Mio. Einwohner hat. Deutschland | Frankreich | Italien | Russland | Vereinigtes Königreich
98%
...vom Rhein durchflossen wird. Deutschland | Frankreich | Liechtenstein | Niederlande | Österreich | Schweiz
98%
...mit S beginnt. San Marino | Schweden | Schweiz | Serbien | Slowakei | Slowenien | Spanien
98%
...Gründungsmitglied der EU ist. Belgien | Deutschland | Frankreich | Italien | Luxemburg | Niederlande
97%
...ein skandinavisches Land ist und an die Ostsee grenzt. Dänemark | Finnland | Schweden
97%
...weniger als zwei Nachbarländer hat. Dänemark | Irland | Island | Malta | Monaco | Portugal | San Marino | Vatikanstadt | Vereinigtes Königreich
97%
...ganz oder zum größten Teil auf der Balkanhalbinsel liegt. Albanien | Bosnien und Herzegowina | Bulgarien | Griechenland | Kosovo | Kroatien | Montenegro | Nordmazedonien | Rumänien | Serbien
96%
...auf der Iberischen Halbinsel liegt und ans Meer grenzt. Portugal | Spanien
94%
...an das Schwarze Meer grenzt. Bulgarien | Rumänien | Russland | Ukraine
91%
...von der Donau durchflossen wird und nicht an ein Land grenzt, durch das der Rhein fließt. Bulgarien | Kroatien | Moldawien | Rumänien | Serbien | Ukraine
88%
...vor dem Jahr 1000 noch nicht von Menschen besiedelt war. Island
85%
Keine übereinstimmenden Quizze gefunden
Verteilung der Resultate
Anzahl Personen mit jedem Resultat
Perzentil nach korrekt beantworteten Fragen
Ihre Resultats-Entwicklung
Sie haben dieses Quiz seit der letzten Aktualisierung nicht gespielt